Southville International School and Colleges
Your cart is empty.
  • Cart
  • Lists
    Public lists Eva Luna New books Lux_list list_1
    Your lists Log in to create your own lists
  • Log in to your account
  • Your cookies
  • Search history
Southville International School and Colleges
  • Advanced search
  • Recent comments
  • Most popular
  • Libraries

Log in to your account

Log in with GOOGLE


If you do not have an external account, but do have a local account, you can still log in:

  1. Home
  2. MARC view: Elevator magic : subtracting /
Normal view MARC view ISBD view

Elevator magic : subtracting / (Record no. 113059)

[ view plain ]
MARC details
000 -LEADER
fixed length control field 00588nam a2200193 a 4500
001 - CONTROL NUMBER
control field 1963
005 - DATE AND TIME OF LATEST TRANSACTION
control field 20140414132001.0
008 - FIXED-LENGTH DATA ELEMENTS--GENERAL INFORMATION
fixed length control field 040616s19uu xx 00 eng d
020 ## - INTERNATIONAL STANDARD BOOK NUMBER
International Standard Book Number 0-06-446709-0
050 ## - LIBRARY OF CONGRESS CALL NUMBER
Classification number TR 513.2'12
Item number M868 1997
100 ## - MAIN ENTRY--PERSONAL NAME
Personal name Murphy, Stuart J.
245 ## - TITLE STATEMENT
Title Elevator magic : subtracting /
Statement of responsibility, etc by Stuart J. Murphy ; illustrated by G. Brian Karas.
260 ## - PUBLICATION, DISTRIBUTION, ETC. (IMPRINT)
Place of publication, distribution, etc New York :
Name of publisher, distributor, etc Harper Collins,
Date of publication, distribution, etc 1997.
300 ## - PHYSICAL DESCRIPTION
Extent 32 p. : ill. ; cm.
440 ## - SERIES STATEMENT/ADDED ENTRY--TITLE
Title MathStart, Level 2
650 ## - SUBJECT ADDED ENTRY--TOPICAL TERM
Topical term or geographic name as entry element Subtraction
General subdivision Juvenile literature.
650 ## - SUBJECT ADDED ENTRY--TOPICAL TERM
Topical term or geographic name as entry element Children stories.
Holdings
Withdrawn status Lost status Damaged status Use restrictions Home library Current library Shelving location Date acquired Source of acquisition Total Checkouts Full call number Barcode Date last seen Price effective from Koha item type
        Munich Library Munich Library Teachers Reference Section 12/29/2004     TR 513.2'12 M868 1997 M4537 04/14/2014 04/14/2014 Books

Elevator magic : subtracting /

APA

Murphy S. J., . (1997). Elevator magic : subtracting. New York: Harper Collins.

Chicago

Murphy Stuart J, . 1997. Elevator magic : subtracting. New York: Harper Collins.

Harvard

Murphy S. J., . (1997). Elevator magic : subtracting. New York: Harper Collins.

MLA

Murphy Stuart J, . Elevator magic : subtracting. New York: Harper Collins. 1997.

  • Place hold
  • Print
  • Cite
  • Add to your cart (remove)
  • Save record
    BIBTEX Dublin Core MARCXML MARC (non-Unicode/MARC-8) MARC (Unicode/UTF-8) MARC (Unicode/UTF-8, Standard) MODS (XML) RIS
  • More searches
    Search for this title in:
    Other Libraries (WorldCat) Other Databases (Google Scholar) Online Stores (Bookfinder.com) Open Library (openlibrary.org)

Exporting to Dublin Core...

SOUTHVILLE LIBRARY

Southville International School and Colleges Library

1281 Tropical Ave. Cor. Luxembourg St., BF Homes International, Las Pinas City

Tel. No. 8256374 / 252358 Loc. 117/146

Powered by Koha